Concentration camp and ghetto mail system under the Nazi regime (Record no. 2249)
[ view plain ]
| 000 -LEADER | |
|---|---|
| fixed length control field | 00400nam a22000977a 4500 |
| 008 - FIXED-LENGTH DATA ELEMENTS--GENERAL INFORMATION | |
| fixed length control field | 170211b xxu||||| |||| 00| 0 eng d |
| 100 ## - MAIN ENTRY--AUTHOR'S NAME | |
| Author's Name | Kahn, Henry |
| 245 ## - TITLE STATEMENT | |
| Title | Concentration camp and ghetto mail system under the Nazi regime |
| 260 ## - PUBLICATION, DISTRIBUTION, ETC. (IMPRINT) | |
| Place of publication, distribution, etc. | Rockaway Park, N.Y. |
| Name of publisher, distributor, etc. | Judaica Historical Philatelic Society |
| Date of publication, distribution, etc. | 1966 |
| 650 ## - TOPICAL TERM (Tag) | |
| Topical term or geographic name | Postal service -- Germany | World War, 1939-1945 -- Postal service | Concentration Camps |
No items available.